|
|
|
|
| LEADER |
01501nam a2200361 i 4500 |
| 001 |
41230 |
| 003 |
BD-DhAAL |
| 005 |
20230530161105.0 |
| 008 |
230530t2018 bg a b 000 0 eng d |
| 010 |
|
|
|a 2017354043
|
| 025 |
|
|
|a B-E-2017354043; 26
|
| 037 |
|
|
|b Library of Congress -- New Delhi Overseas Office
|
| 040 |
|
|
|a DLC
|b eng
|e rda
|c DLC
|d DLC
|d BD-DhAAL
|
| 042 |
|
|
|a lcode
|a pcc
|
| 043 |
|
|
|a a-bg---
|
| 050 |
0 |
0 |
|a RA427.9
|b .B48 2018
|
| 082 |
|
|
|a 362.1095492
|2 23
|
| 100 |
1 |
|
|a Bhuiya, Shajahan,
|e author.
|9 53365
|
| 245 |
1 |
0 |
|a Piggyback social marketing strategy for health program /
|c Shajahan Bhuiya.
|
| 246 |
3 |
0 |
|a Strategy for health program
|
| 264 |
|
1 |
|a Dhaka :
|b Centre for Development Innovation and Practices,
|c 2018.
|
| 300 |
|
|
|a 76 pages :
|b illustrations ;
|c 23 cm.
|
| 504 |
|
|
|a Includes bibliographical references (page 63-64).
|
| 541 |
|
|
|a Donated By Akbar Ali Khan
|e 41230
|
| 610 |
2 |
0 |
|a Centre for Development Innovation and Practices.
|9 54414
|
| 650 |
|
0 |
|a Primary health care
|z Bangladesh.
|
| 650 |
|
0 |
|a Community health services
|z Bangladesh.
|9 16001
|
| 650 |
|
0 |
|a Health promotion
|z Bangladesh.
|9 54415
|
| 710 |
2 |
|
|a Centre for Development Innovation and Practices,
|e publisher.
|9 54414
|
| 852 |
|
|
|a Ayesha Abed Library
|c Akbar Ali Khan Collection
|
| 942 |
|
|
|2 ddc
|c BK
|
| 999 |
|
|
|c 45822
|d 45822
|
| 952 |
|
|
|0 0
|1 0
|2 ddc
|4 0
|6 362_109549200000000_BHU
|7 1
|9 73704
|a BRACUL
|b BRACUL
|c AAKC
|d 2023-05-30
|e Donated By Akbar Ali Khan
|l 0
|o 362.1095492 BHU
|p 3010041230
|r 2023-05-30
|t 1
|w 2023-05-30
|y BK
|